00601cam a2200157 a 4500020001500000040000800015082002600023100003100049245013600080260007200216300005400288490003000342650001100372650001800383710004200401 a2855397839 cOUN00a304 PRE 1997 A068 Co.1 aMartin, Marie Alexandrine,14aLes Khmers Daeum, "Khmers de l'origine" :bsociété montagnarde et exploitation de la forêt : de l'écologie à l'histoire / aParis :bPresses de l'Ecole française d'Extrême-Orient,cc1997. a514 p., [48] p. of plates :bill., maps ;c24 cm.1 aCollection Monographies ; 0aKhmers 0aHuman ecology2 aEcole française d'Extrême-Orient.